Proceedings of the nineteenth annual ACM Symposium on Theory of Computing : New York City, May 25-27, 1987 /

Guardado en:
Autores Corporativos: ACM Symposium on Theory of Computing New York City), ACM Special Interest Group for Automata and Computability Theory.
Formato: Libro
Idioma:English
Publicado: New York : ACM Press, c1987.
Etiquetas: Agregar Etiqueta
Sin Etiquetas, Sea el primero en etiquetar este registro!
LEADER 00801nam a22001695a 4500
001 MAT.inmabb005023
008 080826s1987####nyua#####b####101#0#eng#d
005 20160519145313.0
245 1 0 |a Proceedings of the nineteenth annual ACM Symposium on Theory of Computing :  |b New York City, May 25-27, 1987 /  |c sponsored by the ACM Special Interest Group for Automata and Computability Theory. 
260 |a New York :  |b ACM Press,  |c c1987. 
300 |a viii, 471 p. :  |b il ;  |c 28 cm. 
504 |a Incluye referencias bibliográficas e índice de autores. 
020 |a 0897912217 
111 2 |a ACM Symposium on Theory of Computing  |n (19º :  |d 1987 :  |c New York City) 
710 2 |a ACM Special Interest Group for Automata and Computability Theory. 
084 |a 68-06 (68Qxx)  |2 msc2000 
859 |h 68  |i Ac184-19  |p A-6266  |b BIB. MATEMATICA